| 000 | 00696nam a22001937a 4500 | ||
|---|---|---|---|
| 010 | _a1718CH-EN | ||
| 020 |
_a9780143333999 _c199.00 |
||
| 035 | _aB-673169-190 | ||
| 037 |
_aDPL _bBSB |
||
| 082 | _aS | ||
| 100 | _aNair, Anita | ||
| 245 |
_aLiving next door to alise / _cby Anita Nair; illustrated by Sayan Mukherjee |
||
| 260 |
_aGurgaon _bPuffin Book _c2015 |
||
| 270 |
_a7th Floor, Infinity Tower C, DLF Cyber City, _bGurgaon _e122002 |
||
| 300 |
_a121p. _c19cm(pbk) |
||
| 700 | _aMukherjee, Sayan | ||
| 942 |
_2ddc _cCH _mNAI _hS |
||
| 999 |
_c141641 _d141641 |
||